000 00698nam a2200181 a 4500
008 120416s1994 ||||||||||||||||| || u
020 _a0821327933
050 _aIBRD(08)DP
100 _aKeck, Andrew
245 1 0 _aPopulation growth, shifting cultivation, and sustainable agricultural development
260 _aWashington, D. C.
_bWorld Bank
_c1994
300 _axii, 63p. : ill.
350 _a0.00
490 _aWorld Bank Discussion Papers
650 _aAGRICULTURE--ECONOMIC ASPECTS--MADAGASCAR
700 _aSharma, Narendra: Feder, Gershon
995 _D0.00
_FCBU-MAIN LIBRARY (Kitwe)
_H1
_I0.00
_M1
_UAVAILABLE
_ZInternational Publications
999 _c54025
_d54025